[Event "Goch op 25th"]
[Site "Goch"]
[Date "2014.09.07"]
[Round "6"]
[White "Stefkovic, Marijan"]
[Black "Gramb, Marius"]
[Result "1/2-1/2"]
[WhiteElo "2141"]
[BlackElo "1991"]
[PlyCount "97"]
[EventDate "2014.09.04"]
[EventType "swiss"]
[EventRounds "7"]
[EventCountry "GER"]
[SourceTitle "EXT 2016"]
[Source "ChessBase"]
[SourceDate "2015.10.08"]
[SourceVersion "1"]
[SourceVersionDate "2015.10.08"]
[SourceQuality "1"]

1. d4 Nf6 2. Nf3 d5 3. g3 c5 4. c3 Nc6 5. Bg2 Bf5 6. 0-0 e6 7. Bg5 Be7 8. dxc5 Bxc5 9. b4 Bd6 10. Nbd2 0-0 11. Nh4 Bg4 12. f3 Bh5 13. f4 h6 14. Bxf6 Qxf6 15. Rc1 a5 16. b5 Bc5+ 17. Kh1 Ne7 18. Ndf3 Ng6 19. Nxg6 Bxg6 20. Ne5 Rfd8 21. Qd2 Be4 22. Bf3 Rac8 23. a4 Qe7 24. Nd3 Ba3 25. Ra1 Rc4 26. Ra2 Bxf3+ 27. Rxf3 Rxa4 28. Qc2 Re4 29. Nf2 Rc4 30. Qb3 Bc5 31. Rxa5 Bb6 32. Ra3 Rdc8 33. Nd1 Qc5 34. Rf1 d4 35. cxd4 Qxd4 36. Qf3 Qe4 37. Rd3 Qxf3+ 38. Rfxf3 Rb4 39. Nc3 Bd4 40. Ne4 Rb1+ 41. Kg2 Bc5 42. Rb3 Rg1+ 43. Kh3 Bb6 44. Rfc3 Rd8 45. Rd3 Rd1 46. Rxd8+ Rxd8 47. Kg2 f5 48. Nc3 Rd4 49. Kf3 1/2-1/2

[Event "Goch op 24th"]
[Site "Goch"]
[Date "2013.09.07"]
[Round "5"]
[White "Stefkovic, Marijan"]
[Black "Weber, Rolf"]
[Result "1-0"]
[WhiteElo "2137"]
[BlackElo "1958"]
[PlyCount "57"]
[EventDate "2013.09.05"]
[EventType "swiss"]
[EventRounds "7"]
[EventCountry "GER"]
[SourceTitle "EXT 2015"]
[Source "ChessBase"]
[SourceDate "2014.11.20"]
[SourceVersion "1"]
[SourceVersionDate "2014.11.20"]
[SourceQuality "1"]

1. d4 e6 2. c4 d5 3. Nc3 c6 4. Nf3 f5 5. Bg5 Nf6 6. Ne5 Be7 7. e3 0-0 8. Bd3 a5 9. Qc2 Na6 10. a3 Nc7 11. c5 Qe8 12. g4 Ne4 13. Bxe7 Qxe7 14. h4 Qf6 15. g5 Qe7 16. Ne2 Nxg5 17. hxg5 Qxg5 18. 0-0-0 Qe7 19. Rdg1 Ne8 20. Nf4 Rf6 21. Qe2 b6 22. Qh5 h6 23. Nxc6 Qd7 24. Ne5 Qe7 25. Bb5 Ba6 26. Bxe8 Rxe8 27. c6 Rc8 28. Rg6 Rxg6 29. Qxg6 1-0

[Event "Goch op 24th"]
[Site "Goch"]
[Date "2013.09.06"]
[Round "3"]
[White "Stefkovic, Marijan"]
[Black "Arts, Stefan"]
[Result "1/2-1/2"]
[WhiteElo "2137"]
[BlackElo "1891"]
[PlyCount "40"]
[EventDate "2013.09.05"]
[EventType "swiss"]
[EventRounds "7"]
[EventCountry "GER"]
[SourceTitle "EXT 2015"]
[Source "ChessBase"]
[SourceDate "2014.11.20"]
[SourceVersion "1"]
[SourceVersionDate "2014.11.20"]
[SourceQuality "1"]

1. g3 g6 2. c4 c5 3. Bg2 Bg7 4. Nc3 Nc6 5. e3 e6 6. Nge2 Nge7 7. d4 cxd4 8. exd4 d5 9. cxd5 exd5 10. 0-0 0-0 11. Bg5 Be6 12. Qd2 Re8 13. a3 Qd7 14. Bxe7 Rxe7 15. b4 b6 16. b5 Na5 17. Rad1 Rc8 18. Qa2 Bg4 19. h3 Bxe2 20. Nxe2 Qxb5 1/2-1/2

[Event "Goch op 23rd"]
[Site "Goch"]
[Date "2012.09.01"]
[Round "4"]
[White "Stefkovic, Marijan"]
[Black "Kummerow, Heiko"]
[Result "0-1"]
[WhiteElo "2144"]
[BlackElo "2345"]
[PlyCount "74"]
[EventDate "2012.08.30"]
[EventType "swiss"]
[EventRounds "7"]
[EventCountry "GER"]
[SourceTitle "EXT 2015"]
[Source "ChessBase"]
[SourceDate "2014.11.20"]
[SourceVersion "1"]
[SourceVersionDate "2014.11.20"]
[SourceQuality "1"]

1. g3 g6 2. Bg2 Bg7 3. d4 Nf6 4. c4 0-0 5. Nc3 d6 6. e4 Nc6 7. Nge2 e5 8. d5 Nd4 9. 0-0 c5 10. dxc6 bxc6 11. Nxd4 exd4 12. Ne2 Be6 13. Nxd4 Bxc4 14. Re1 Qb6 15. Be3 c5 16. b3 Ba6 17. Nc2 Nd7 18. Rb1 Rab8 19. Qd2 Ne5 20. Red1 Rfd8 21. h3 Bd3 22. f4 Bxc2 23. Qxc2 Nc6 24. Kh2 Bd4 25. Qe2 Re8 26. Bd2 Re7 27. Qf3 Rc8 28. Rf1 Qa6 29. a4 Bg7 30. Qg4 Rce8 31. Rfd1 Nd4 32. Bc3 h5 33. Qh4 Rxe4 34. Bxd4 Bxd4 35. Bxe4 Rxe4 36. Qd8+ Kg7 37. Re1 Re2+ 0-1

[Event "Goch op 23rd"]
[Site "Goch"]
[Date "2012.09.01"]
[Round "5"]
[White "Vranidis, Georgios"]
[Black "Stefkovic, Marijan"]
[Result "0-1"]
[WhiteElo "1963"]
[BlackElo "2144"]
[PlyCount "94"]
[EventDate "2012.08.30"]
[EventType "swiss"]
[EventRounds "7"]
[EventCountry "GER"]
[SourceTitle "EXT 2015"]
[Source "ChessBase"]
[SourceDate "2014.11.20"]
[SourceVersion "1"]
[SourceVersionDate "2014.11.20"]
[SourceQuality "1"]

1. e4 c5 2. Nc3 Nc6 3. Bb5 g6 4. Bxc6 bxc6 5. f4 Bg7 6. Nf3 d6 7. d3 Nf6 8. 0-0 0-0 9. h3 Rb8 10. Ne2 c4 11. Kh2 Qb6 12. g4 cxd3 13. cxd3 Ba6 14. Rg1 Qb5 15. Ned4 Qxd3 16. Qxd3 Bxd3 17. Nxc6 Bxe4 18. Nxb8 Bxf3 19. Na6 Nd5 20. a3 e5 21. Kg3 Be2 22. Nb4 exf4+ 23. Bxf4 Nxf4 24. Kxf4 Bxb2 25. Ra2 Be5+ 26. Ke3 Bc4 27. Rc2 Bb3 28. Rc6 Re8 29. Kd2 Ba4 30. Rc4 Bb5 31. Rc7 Bf4+ 32. Kd1 Re3 33. Rxa7 Rc3 34. Nc2 Rd3+ 35. Ke1 Rd2 36. Ra8+ Kg7 37. Nb4 Rb2 38. Ra5 Bc4 39. Nd5 Re2+ 40. Kd1 Rd2+ 41. Ke1 Rxd5 42. Rxd5 Bxd5 43. Ke2 Bc4+ 44. Kf3 Be5 45. Ke4 Kf6 46. g5+ Ke6 47. Ke3 d5 0-1

[Event "Goch op 23rd"]
[Site "Goch"]
[Date "2012.08.31"]
[Round "2"]
[White "Stefkovic, Marijan"]
[Black "Kruett, Michael"]
[Result "1-0"]
[WhiteElo "2144"]
[BlackElo "1845"]
[PlyCount "129"]
[EventDate "2012.08.30"]
[EventType "swiss"]
[EventRounds "7"]
[EventCountry "GER"]
[SourceTitle "EXT 2015"]
[Source "ChessBase"]
[SourceDate "2014.11.20"]
[SourceVersion "1"]
[SourceVersionDate "2014.11.20"]
[SourceQuality "1"]

1. g3 Nf6 2. d4 g6 3. Bg2 Bg7 4. e4 d6 5. Ne2 0-0 6. 0-0 e5 7. d5 Nbd7 8. c4 Nc5 9. Nbc3 a5 10. Rb1 Ne8 11. a3 f5 12. f3 fxe4 13. fxe4 Rxf1+ 14. Bxf1 Bg4 15. b4 axb4 16. axb4 Nd7 17. Be3 Nef6 18. Qb3 Bf3 19. Bg2 Bxg2 20. Kxg2 Qe7 21. h3 b6 22. g4 Rf8 23. Ng3 h6 24. Qa4 Kh7 25. Rf1 Ne8 26. Rxf8 Nxf8 27. Qa7 Bf6 28. Nb5 Bg5 29. Bf2 Kg8 30. c5 bxc5 31. bxc5 Qd8 32. Ne2 Nd7 33. Qa3 dxc5 34. Bxc5 Bh4 35. Be3 Be7 36. Qa6 Kh7 37. Qe6 Ng7 38. Qf7 Bc5 39. Bxc5 Nxc5 40. Nxc7 Nxe4 41. Qxg7+ Kxg7 42. Ne6+ Kf6 43. Nxd8 Ke7 44. Nb7 Kd7 45. Kf3 Ng5+ 46. Kg2 Ne4 47. h4 Kc7 48. Kf3 Nf6 49. Nc5 Nxd5 50. Ne4 Kd7 51. N2c3 Nb4 52. Ke3 Nc2+ 53. Kd3 Nd4 54. Nd2 h5 55. g5 Ke6 56. Ke4 Nf5 57. Nf3 Nd6+ 58. Ke3 Kf5 59. Nd5 Kg4 60. Nf6+ Kf5 61. Nd2 Nf7 62. Nde4 Ke6 63. Kf3 Kf5 64. Nd7 Nd8 65. Nf8 1-0

[Event "Goch op 22nd"]
[Site "Goch"]
[Date "2011.10.02"]
[Round "7"]
[White "Stefkovic, Marijan"]
[Black "Schmidt Schaeffer, Sebastian"]
[Result "0-1"]
[WhiteElo "2137"]
[BlackElo "2389"]
[PlyCount "80"]
[EventDate "2011.09.29"]
[EventType "swiss"]
[EventRounds "7"]
[EventCountry "GER"]
[SourceTitle "EXT 2014"]
[Source "ChessBase"]
[SourceDate "2013.11.20"]
[SourceVersion "1"]
[SourceVersionDate "2013.11.20"]
[SourceQuality "1"]

1. d4 f5 2. c4 Nf6 3. Nc3 e6 4. g3 Bb4 5. Bg2 0-0 6. Nf3 d6 7. 0-0 Bxc3 8. bxc3 Nc6 9. Ba3 Qe8 10. c5 d5 11. c4 Ne4 12. e3 Bd7 13. Qd3 Rf6 14. Ne5 Nxe5 15. dxe5 dxc4 16. Qc2 Rh6 17. f3 Ba4 18. Qxc4 Nd2 19. Qb4 Nxf1 20. Rxf1 Bc6 21. Bb2 a5 22. Qd2 Rd8 23. Bd4 Qh5 24. Kf2 a4 25. a3 g5 26. h3 Qf7 27. Kg1 f4 28. Qf2 Rg6 29. g4 Rg7 30. e4 Qd7 31. Rd1 Bb5 32. Rd2 Qc6 33. Kh2 Rgd7 34. Kg1 Kf7 35. h4 h6 36. Kh2 Bc4 37. Kh3 Kg7 38. h5 Qb5 39. Bc3 Rxd2 40. Bxd2 Qb2 0-1

[Event "Goch op 20th"]
[Site "Goch"]
[Date "2009.10.01"]
[Round "1"]
[White "Jakob, Matthias"]
[Black "Stefkovic, Marijan"]
[Result "0-1"]
[WhiteElo "1736"]
[BlackElo "2131"]
[PlyCount "56"]
[EventDate "2009.10.01"]
[EventType "swiss"]
[EventRounds "7"]
[EventCountry "GER"]
[SourceTitle "EXT 2011"]
[Source "ChessBase"]
[SourceDate "2010.11.26"]
[SourceVersion "1"]
[SourceVersionDate "2010.11.26"]
[SourceQuality "1"]

1. e4 c5 2. Nc3 Nc6 3. g3 d6 4. Bg2 g6 5. d3 Bg7 6. f4 Nf6 7. Nf3 Bg4 8. h3 Bd7 9. 0-0 0-0 10. Be3 Rb8 11. g4 b5 12. e5 Ne8 13. d4 b4 14. Ne2 cxd4 15. Nfxd4 Qc7 16. Nxc6 Bxc6 17. Bxc6 Qxc6 18. Bxa7 Rc8 19. exd6 Nxd6 20. c3 bxc3 21. Nxc3 Nc4 22. Qd5 Qa6 23. Qd7 Rfd8 24. Qa4 Qb7 25. Nb5 Rd5 26. Rac1 Rxb5 27. Rxc4 Rxc4 28. Qxc4 Qxa7+ 0-1

[Event "Goch op 18th"]
[Site "Goch"]
[Date "2007.10.06"]
[Round "5"]
[White "Stefkovic, Marijan"]
[Black "Coenen, Siegfried"]
[Result "1-0"]
[WhiteElo "2140"]
[BlackElo "2009"]
[PlyCount "83"]
[EventDate "2007.10.04"]
[EventType "swiss"]
[EventRounds "7"]
[EventCountry "GER"]
[SourceTitle "EXT 2011"]
[Source "ChessBase"]
[SourceDate "2010.11.26"]
[SourceVersion "1"]
[SourceVersionDate "2010.11.26"]
[SourceQuality "1"]

1. d4 d5 2. Nf3 Nf6 3. g3 Bf5 4. Bg2 Qc8 5. c4 Bh3 6. Bxh3 Qxh3 7. cxd5 Nxd5 8. Qb3 Nb6 9. Bf4 Qd7 10. Nc3 e6 11. Rd1 f6 12. e4 Na6 13. a4 Bb4 14. 0-0 g5 15. Be3 Bxc3 16. bxc3 Qc6 17. a5 Nc4 18. d5 exd5 19. exd5 Nxa5 20. Qa2 Qxc3 21. Rc1 Qb4 22. Bd2 Qb3 23. Qxa5 Qxf3 24. Qb5+ Kf7 25. Rc3 Qg4 26. Qxb7 Qc8 27. Qc6 Rb8 28. Rf3 Rb6 29. Qc3 h6 30. Re1 Re8 31. Rxe8 Qxe8 32. Qd3 Kg7 33. Bc3 Qg6 34. Qd4 h5 35. h3 Nb8 36. Qe3 Nd7 37. Kg2 g4 38. hxg4 hxg4 39. Rf4 Kf7 40. Re4 Ne5 41. Bxe5 Qh5 42. Bc3 1-0

[Event "Goch op 18th"]
[Site "Goch"]
[Date "2007.10.05"]
[Round "3"]
[White "Stefkovic, Marijan"]
[Black "Chetverik, Maxim"]
[Result "0-1"]
[WhiteElo "2140"]
[BlackElo "2314"]
[PlyCount "94"]
[EventDate "2007.10.04"]
[EventType "swiss"]
[EventRounds "7"]
[EventCountry "GER"]
[SourceTitle "EXT 2011"]
[Source "ChessBase"]
[SourceDate "2010.11.26"]
[SourceVersion "1"]
[SourceVersionDate "2010.11.26"]
[SourceQuality "1"]

1. d4 f5 2. h3 b6 3. g4 Bb7 4. Nf3 Bxf3 5. exf3 e6 6. Nc3 c6 7. Qd3 Qf6 8. h4 Bd6 9. Bg5 Qf7 10. 0-0-0 h6 11. Bd2 Ne7 12. g5 h5 13. Kb1 b5 14. Ne2 Ng6 15. Ng3 Na6 16. d5 cxd5 17. Qxb5 Nc7 18. Qa5 Ne5 19. Bc1 0-0 20. f4 Nc6 21. Qd2 g6 22. Ne2 Bc5 23. Ng3 Rab8 24. Ka1 a5 25. Rg1 Bd4 26. c3 Bg7 27. Bg2 a4 28. Ne2 Qe7 29. Nd4 Nxd4 30. cxd4 Rb4 31. Rge1 Rfb8 32. Bf1 a3 33. b3 Rxd4 34. Qxd4 Bxd4+ 35. Rxd4 Qc5 36. Red1 Rb4 37. R4d2 Rxf4 38. Kb1 Rxf2 39. Be2 Nb5 40. Bxb5 Rxd2 41. Rxd2 Qxb5 42. Bxa3 Qa5 43. Bc1 e5 44. Rc2 f4 45. Bd2 Qb6 46. b4 f3 47. Be1 e4 0-1

[Event "Goch op 18th"]
[Site "Goch"]
[Date "2007.10.04"]
[Round "1"]
[White "Stefkovic, Marijan"]
[Black "Czajka, Detlef"]
[Result "1-0"]
[WhiteElo "2140"]
[BlackElo "1733"]
[PlyCount "63"]
[EventDate "2007.10.04"]
[EventType "swiss"]
[EventRounds "7"]
[EventCountry "GER"]
[SourceTitle "EXT 2011"]
[Source "ChessBase"]
[SourceDate "2010.11.26"]
[SourceVersion "1"]
[SourceVersionDate "2010.11.26"]
[SourceQuality "1"]

1. d4 Nf6 2. g3 g6 3. Bg2 d5 4. c4 c6 5. Nf3 Bg7 6. 0-0 0-0 7. Nc3 Bf5 8. Ne5 dxc4 9. Nxc4 Qc8 10. e4 Bh3 11. e5 Bxg2 12. Kxg2 Ne8 13. f4 Nc7 14. Qf3 Qe6 15. Ne3 f5 16. Na4 Nba6 17. Bd2 Rad8 18. Bc3 b5 19. Nc5 Nxc5 20. dxc5 Rd3 21. Rfd1 Rfd8 22. Ba5 Rxd1 23. Rxd1 Rxd1 24. Qxd1 Qc8 25. Bxc7 Qxc7 26. Qb3+ Kf8 27. Qe6 Qd8 28. Qxc6 Qd2+ 29. Kf3 Qxh2 30. Qc8+ Kf7 31. e6+ Kf6 32. Nd5# 1-0

[Event "Goch op 17th"]
[Site "Goch"]
[Date "2006.10.13"]
[Round "3"]
[White "Keller, Karsten"]
[Black "Stefkovic, Marijan"]
[Result "1/2-1/2"]
[WhiteElo "2092"]
[BlackElo "2131"]
[PlyCount "89"]
[EventDate "2006.10.12"]
[EventType "swiss"]
[EventRounds "7"]
[EventCountry "GER"]
[SourceTitle "EXT 2008"]
[Source "ChessBase"]
[SourceDate "2007.11.25"]
[SourceVersion "1"]
[SourceVersionDate "2007.11.25"]
[SourceQuality "1"]

1. Nf3 b6 2. c4 c5 3. d4 cxd4 4. Nxd4 Bb7 5. Nc3 Nc6 6. e4 g6 7. Be3 Bg7 8. Be2 Nf6 9. 0-0 0-0 10. f3 d6 11. Qd2 Rc8 12. Rac1 Nd7 13. Nxc6 Rxc6 14. Nd5 e6 15. Nc3 Ne5 16. Nb5 Qb8 17. f4 Nd7 18. e5 d5 19. Bf3 Ba6 20. a4 Nc5 21. cxd5 Nb3 22. dxc6 Nxd2 23. Bxd2 Bxb5 24. axb5 Rc8 25. Bb4 Bf8 26. Bxf8 Kxf8 27. Rfd1 Rc7 28. Rd7 Qc8 29. Rcd1 Rxd7 30. Rxd7 Kg7 31. Rxa7 Qf8 32. h3 Qc5+ 33. Kh2 g5 34. fxg5 Qxe5+ 35. g3 Qxb2+ 36. Bg2 Qxb5 37. h4 Qc4 38. Rb7 b5 39. c7 b4 40. h5 b3 41. Kh3 b2 42. Be4 Qxe4 43. c8Q Qh1+ 44. Kg4 Qe4+ 45. Kh3 1/2-1/2

[Event "Goch op 17th"]
[Site "Goch"]
[Date "2006.10.13"]
[Round "2"]
[White "Stefkovic, Marijan"]
[Black "Czajka, Detlef"]
[Result "1-0"]
[WhiteElo "2131"]
[BlackElo "1732"]
[PlyCount "76"]
[EventDate "2006.10.12"]
[EventType "swiss"]
[EventRounds "7"]
[EventCountry "GER"]
[SourceTitle "EXT 2008"]
[Source "ChessBase"]
[SourceDate "2007.11.25"]
[SourceVersion "1"]
[SourceVersionDate "2007.11.25"]
[SourceQuality "1"]

1. e4 c5 2. b4 cxb4 3. d4 e6 4. a3 Nf6 5. Bd3 Nc6 6. Ne2 Be7 7. 0-0 0-0 8. Nd2 d5 9. e5 Nd7 10. f4 bxa3 11. Bxa3 Bxa3 12. Rxa3 Nb4 13. Bxh7+ Kxh7 14. Rh3+ Kg8 15. c3 Nc6 16. Ng3 f5 17. Qh5 Qe8 18. Qh7+ Kf7 19. Nh5 Rg8 20. Rg3 Qf8 21. Qg6+ Ke7 22. Qg5+ Kf7 23. Qg6+ Ke7 24. Nf3 Qf7 25. Qg5+ Ke8 26. Nh4 Ne7 27. Re3 Nf8 28. Rg3 Nh7 29. Nxg7+ Kf8 30. Nxe6+ Qxe6 31. Qh5 Rxg3 32. hxg3 Qf7 33. Qe2 Bd7 34. Rb1 b6 35. Qa6 Qe6 36. Qa3 Kf7 37. g4 fxg4 38. f5 Qh6 1-0

[Event "Goch op 17th"]
[Site "Goch"]
[Date "2006.10.12"]
[Round "1"]
[White "Kuhn, Andreas"]
[Black "Stefkovic, Marijan"]
[Result "1/2-1/2"]
[WhiteElo "1715"]
[BlackElo "2131"]
[PlyCount "33"]
[EventDate "2006.10.12"]
[EventType "swiss"]
[EventRounds "7"]
[EventCountry "GER"]
[SourceTitle "EXT 2008"]
[Source "ChessBase"]
[SourceDate "2007.11.25"]
[SourceVersion "1"]
[SourceVersionDate "2007.11.25"]
[SourceQuality "1"]

1. Nf3 d5 2. g3 Nf6 3. Bg2 c5 4. d3 Nc6 5. 0-0 e6 6. Nbd2 Be7 7. e4 0-0 8. Re1 Qc7 9. e5 Nd7 10. Qe2 b5 11. Nf1 d4 12. h4 Nb6 13. N1h2 Nd5 14. Ng4 Bd7 15. Ng5 Bxg5 16. hxg5 Nce7 17. Nf6+ 1/2-1/2

[Event "Duisburg Grossenbaum op"]
[Site "Duisburg"]
[Date "2006.06.03"]
[Round "2"]
[White "Stefkovic, Marijan"]
[Black "Schueppel, Werner"]
[Result "1-0"]
[WhiteElo "2135"]
[BlackElo "1973"]
[PlyCount "67"]
[EventDate "2006.06.02"]
[EventType "swiss"]
[EventRounds "7"]
[EventCountry "GER"]
[SourceTitle "EXT 2007"]
[Source "ChessBase"]
[SourceDate "2006.11.23"]
[SourceVersion "1"]
[SourceVersionDate "2006.11.23"]
[SourceQuality "1"]

1. e4 g6 2. d4 Bg7 3. Nc3 d6 4. Be3 Nd7 5. Qd2 e5 6. Be2 exd4 7. Bxd4 Ngf6 8. f4 0-0 9. 0-0-0 Qe7 10. Bf3 Rd8 11. e5 dxe5 12. Bxe5 Qc5 13. Nh3 Re8 14. Bd4 Qf8 15. Nb5 c5 16. Bc3 Re7 17. Rhe1 Rxe1 18. Rxe1 h6 19. Nc7 Rb8 20. g4 b5 21. g5 hxg5 22. fxg5 b4 23. Bxf6 Nxf6 24. gxf6 Bh6 25. Ng5 Bf5 26. h4 c4 27. Nd5 c3 28. Qd4 Kh8 29. Ne7 Rd8 30. Qf4 Bxc2 31. Nxf7+ Qxf7 32. Qxh6+ Qh7 33. Qxh7+ Kxh7 34. Kxc2 1-0

[Event "Goch op 16th"]
[Site "Goch"]
[Date "2005.10.02"]
[Round "4"]
[White "Schueppel, Werner"]
[Black "Stefkovic, Marijan"]
[Result "0-1"]
[WhiteElo "1934"]
[BlackElo "2139"]
[PlyCount "64"]
[EventDate "2005.09.30"]
[EventType "swiss"]
[EventRounds "7"]
[EventCountry "GER"]
[SourceTitle "EXT 2007"]
[Source "ChessBase"]
[SourceDate "2006.11.23"]
[SourceVersion "1"]
[SourceVersionDate "2006.11.23"]
[SourceQuality "1"]

1. d4 d5 2. c4 Nc6 3. Nc3 e6 4. Nf3 Bb4 5. a3 Bxc3+ 6. bxc3 Nge7 7. cxd5 exd5 8. g3 0-0 9. Bg2 Bf5 10. 0-0 Be4 11. Bb2 Ng6 12. Rc1 Na5 13. Nd2 Bxg2 14. Kxg2 Re8 15. Re1 Qg5 16. Nf3 Qg4 17. Kh1 Nc4 18. Rc2 Re6 19. Qd3 Rae8 20. Bc1 h6 21. Ra2 Nd6 22. Kg2 Ne4 23. Be3 f5 24. c4 Nf6 25. Qb3 Rb6 26. Qa4 Qe4 27. c5 Rbe6 28. Qxa7 f4 29. gxf4 Nh4+ 30. Kf1 Ng4 31. Rc1 Nxf3 32. exf3 Qxf3 0-1

[Event "Duisburg Grossenbaum op"]
[Site "Duisburg"]
[Date "2005.05.15"]
[Round "4"]
[White "Stefkovic, Marijan"]
[Black "Zaragatski, Ilja"]
[Result "1/2-1/2"]
[WhiteElo "2141"]
[BlackElo "2335"]
[PlyCount "89"]
[EventDate "2005.05.13"]
[EventType "swiss"]
[EventRounds "7"]
[EventCountry "GER"]
[SourceTitle "EXT 2006"]
[Source "ChessBase"]
[SourceDate "2005.11.24"]
[SourceVersion "1"]
[SourceVersionDate "2005.11.24"]
[SourceQuality "1"]

1. Nf3 d5 2. d4 Nc6 3. c4 Bg4 4. Nc3 e6 5. e3 Nf6 6. Be2 Bb4 7. 0-0 0-0 8. Bd2 Bxc3 9. Bxc3 Ne4 10. Rc1 f5 11. Nd2 Bxe2 12. Qxe2 Nxd2 13. Qxd2 Rf6 14. b3 Rh6 15. f4 Nb8 16. Qe2 c6 17. Be1 Nd7 18. Rc2 Nf6 19. c5 Ne4 20. b4 a6 21. Rb2 Kh8 22. a4 Qc7 23. Qd1 Rg8 24. h4 g5 25. fxg5 Rxg5 26. Rf4 Rg8 27. b5 axb5 28. axb5 Ra8 29. bxc6 bxc6 30. Qb1 Rf6 31. Rb7 Qc8 32. Kh2 Rf8 33. Bg3 Nf6 34. Rf1 Ng4+ 35. Kg1 Ra1 36. Qxa1 Qxb7 37. Bf4 Ra8 38. Qb1 Qxb1 39. Rxb1 Kg7 40. Rb7+ Kg6 41. Kf1 Ra1+ 42. Ke2 Ra2+ 43. Kf1 Ra1+ 44. Ke2 Ra2+ 45. Kf1 1/2-1/2

[Event "Goch op 15th"]
[Site "Goch"]
[Date "2004.10.03"]
[Round "6"]
[White "Stefkovic, Marijan"]
[Black "Gorissen, Hubert"]
[Result "1/2-1/2"]
[WhiteElo "2144"]
[BlackElo "1993"]
[PlyCount "24"]
[EventDate "2004.09.30"]
[EventType "swiss"]
[EventRounds "7"]
[EventCountry "GER"]
[SourceTitle "EXT 2006"]
[Source "ChessBase"]
[SourceDate "2005.11.24"]
[SourceVersion "1"]
[SourceVersionDate "2005.11.24"]
[SourceQuality "1"]

1. e4 Nf6 2. e5 Nd5 3. d4 d6 4. exd6 cxd6 5. Nf3 Nc6 6. Bc4 Nb6 7. Bb3 g6 8. Be3 Bg7 9. Qd2 0-0 10. h3 e5 11. dxe5 dxe5 12. Nc3 Qe7 1/2-1/2

[Event "Duisburg Grossenbaum op"]
[Site "Duisburg"]
[Date "2004.05.30"]
[Round "5"]
[White "Stefkovic, Marijan"]
[Black "Buchkremer, Felix"]
[Result "1-0"]
[WhiteElo "2147"]
[BlackElo "2034"]
[PlyCount "47"]
[EventDate "2004.05.28"]
[EventType "swiss"]
[EventRounds "7"]
[EventCountry "GER"]
[SourceTitle "EXT 2006"]
[Source "ChessBase"]
[SourceDate "2005.11.24"]
[SourceVersion "1"]
[SourceVersionDate "2005.11.24"]
[SourceQuality "1"]

1. d4 f5 2. c4 Nf6 3. g3 g6 4. Bg2 Bg7 5. Nc3 d6 6. Nh3 0-0 7. d5 Na6 8. 0-0 Nc5 9. Rb1 a5 10. Nf4 e5 11. dxe6 c6 12. Na4 Nxa4 13. Qxa4 Qe7 14. b4 g5 15. Nd3 h6 16. c5 d5 17. Bb2 Qxe6 18. Bxf6 Bxf6 19. e3 Bd8 20. b5 Qg6 21. Ne5 Qe6 22. bxc6 bxc6 23. Nxc6 Bc7 24. Bxd5 1-0

[Event "Duisburg Grossenbaum op"]
[Site "Duisburg"]
[Date "2004.05.29"]
[Round "3"]
[White "Stefkovic, Marijan"]
[Black "Eismont, Igor"]
[Result "1/2-1/2"]
[WhiteElo "2147"]
[BlackElo "2311"]
[PlyCount "54"]
[EventDate "2004.05.28"]
[EventType "swiss"]
[EventRounds "7"]
[EventCountry "GER"]
[SourceTitle "EXT 2006"]
[Source "ChessBase"]
[SourceDate "2005.11.24"]
[SourceVersion "1"]
[SourceVersionDate "2005.11.24"]
[SourceQuality "1"]

1. g3 d5 2. d4 c6 3. Bg2 Bf5 4. c4 e6 5. Nf3 Nf6 6. 0-0 Nbd7 7. Nc3 Be7 8. cxd5 Nxd5 9. Bd2 Bg6 10. Re1 N7f6 11. Nh4 0-0 12. Nxg6 hxg6 13. Rc1 Nb6 14. e3 Nc4 15. Rc2 Nxd2 16. Rxd2 Qa5 17. Ree2 Rfd8 18. Qc2 Rd7 19. Rd1 Rad8 20. Red2 Bb4 21. Rd3 g5 22. a3 Be7 23. Qe2 Qb6 24. h3 g6 25. R3d2 Kg7 26. b4 a6 27. Rc2 Kg8 1/2-1/2

[Event "Duisburg op 10th"]
[Site "Duisburg"]
[Date "2003.06.08"]
[Round "3"]
[White "Stefkovic, Marijan"]
[Black "Koscielski, Janusch"]
[Result "1/2-1/2"]
[WhiteElo "2112"]
[BlackElo "2258"]
[PlyCount "82"]
[EventDate "2003.06.07"]
[EventType "swiss"]
[EventRounds "7"]
[EventCountry "GER"]
[SourceTitle "EXT 2004"]
[Source "ChessBase"]
[SourceDate "2003.11.25"]
[SourceVersion "1"]
[SourceVersionDate "2003.11.25"]
[SourceQuality "1"]

1. d4 Nf6 2. c4 g6 3. Nc3 Bg7 4. e4 d6 5. f3 e5 6. Be3 c6 7. Qd2 Nbd7 8. Nge2 0-0 9. d5 cxd5 10. Nxd5 Nc5 11. Nec3 Ne6 12. Be2 Nxd5 13. Nxd5 Nd4 14. 0-0 Be6 15. Bd3 Rc8 16. Rac1 Qd7 17. b3 Kh8 18. Nc3 a6 19. Na4 Qe7 20. Nb6 Rb8 21. Kh1 f5 22. exf5 gxf5 23. Bxd4 exd4 24. Rce1 Rbe8 25. Re2 Qd8 26. Rfe1 Bf7 27. Nd5 Bxd5 28. cxd5 Re5 29. f4 Rxe2 30. Qxe2 Qa5 31. a4 Qc3 32. g4 Qxb3 33. Bc4 Qh3 34. g5 Qc3 35. Rb1 Qa3 36. Rxb7 Qc1+ 37. Qf1 Qe3 38. Bd3 Rc8 39. Rb1 Rc3 40. Bxf5 Qe8 41. Qf2 Qf8 1/2-1/2